000 nam a22 7a 4500
999 _c10347
_d10347
008 180215b ||||| |||| 00| 0 eng d
100 _aMohan, A
_96307
245 _aMultiskill English Book - III
260 _aNew Delhi
_bPrachi Publication
_c2013